<?xml version="1.0" encoding="UTF-8"?><?xml-stylesheet type="text/xsl" href="static/style.xsl"?><OAI-PMH xmlns="http://www.openarchives.org/OAI/2.0/" xmlns:xsi="http://www.w3.org/2001/XMLSchema-instance" xsi:schemaLocation="http://www.openarchives.org/OAI/2.0/ http://www.openarchives.org/OAI/2.0/OAI-PMH.xsd"><responseDate>2026-04-17T08:06:35Z</responseDate><request verb="GetRecord" identifier="oai:www.recercat.cat:10230/25511" metadataPrefix="marc">https://recercat.cat/oai/request</request><GetRecord><record><header><identifier>oai:recercat.cat:10230/25511</identifier><datestamp>2025-12-22T20:19:58Z</datestamp><setSpec>com_2072_6</setSpec><setSpec>col_2072_452954</setSpec></header><metadata><record xmlns="http://www.loc.gov/MARC21/slim" xmlns:dcterms="http://purl.org/dc/terms/" xmlns:xsi="http://www.w3.org/2001/XMLSchema-instance" xmlns:doc="http://www.lyncode.com/xoai" xsi:schemaLocation="http://www.loc.gov/MARC21/slim http://www.loc.gov/standards/marcxml/schema/MARC21slim.xsd">
   <leader>00925njm 22002777a 4500</leader>
   <datafield ind2=" " ind1=" " tag="042">
      <subfield code="a">dc</subfield>
   </datafield>
   <datafield ind2=" " ind1=" " tag="720">
      <subfield code="a">Rella Muñoz, Martí</subfield>
      <subfield code="e">author</subfield>
   </datafield>
   <datafield ind2=" " ind1=" " tag="260">
      <subfield code="c">2015-12-22T13:36:44Z</subfield>
   </datafield>
   <datafield ind2=" " ind1=" " tag="260">
      <subfield code="c">2015-12-22T13:36:44Z</subfield>
   </datafield>
   <datafield ind2=" " ind1=" " tag="260">
      <subfield code="c">2015-12-22</subfield>
   </datafield>
   <datafield ind2=" " ind1=" " tag="520">
      <subfield code="a">Treball de fi de grau en informàtica</subfield>
   </datafield>
   <datafield ind2=" " ind1=" " tag="520">
      <subfield code="a">Tutor: Horacio Saggion</subfield>
   </datafield>
   <datafield ind2=" " ind1=" " tag="520">
      <subfield code="a">La tendencia a estar conectados a internet en todo momento ha llegado acompañada por la aparición de numerosas herramientas que permiten a sus usuarios generar y compartir cualquier tipo de información, ya sean simples mensajes de texto, fotografías, sonidos o vídeos. Gracias a que gran parte de esta información esta disponible públicamente, las/ncomunidades científica, empresarial y política, han aprovechado la oportunidad para, mediante el uso de herramientas de procesado del lenguaje natural (NLP) y aprendizaje automático (ML), intentar analizar y así extraer ideas sobre que compartimos. Este trabajo expone el desarrollo de una herramienta capaz de detectar las diferentes emociones que se expresan a lo largo de un partido de fútbol. Para ello utiliza mensajes publicados en Twitter, que analizados mediante técnicas de NLP y ML, proporcionan una visión general de como el publico ha reaccionado ante determinados eventos.</subfield>
   </datafield>
   <datafield ind2=" " ind1=" " tag="520">
      <subfield code="a">The current tendency of being always online has come together with the development of/nseveral tools that allow users to generate and share different kinds of content, from simple/ntexts to pictures, sounds or videos./nGiven that this information is publicly available, scientific, business and political/ncommunities have taken this opportunity to, with help from tools for natural language/nprocessing (NLP) and machine learning (ML), try to analyse and extract information about/nusers, options, emotions, etc./nThis work shows the development of a tool able to detect different emotions that have/nbeen showed during a football match. To do so, it uses messages published on Twitter,/nwhich are analysed with NLP and ML to provide a global vision of how the viewers have/nreacted to certain events.</subfield>
   </datafield>
   <datafield tag="653" ind2=" " ind1=" ">
      <subfield code="a">Emocions</subfield>
   </datafield>
   <datafield tag="653" ind2=" " ind1=" ">
      <subfield code="a">Twitter</subfield>
   </datafield>
   <datafield tag="653" ind2=" " ind1=" ">
      <subfield code="a">Tractament del llenguatge natural (Informàtica)</subfield>
   </datafield>
   <datafield ind2="0" ind1="0" tag="245">
      <subfield code="a">Seguimiento de emociones en partidos de fútbol</subfield>
   </datafield>
</record></metadata></record></GetRecord></OAI-PMH>